The street journal : personal finance workbook (Record no. 36342)

MARC details
000 -LEADER
fixed length control field 00408nam a2200169Ia 4500
020 ## - INTERNATIONAL STANDARD BOOK NUMBER
ISBN 9780307336019
050 ## - CALL MARK
Classification number HG 179 .O63/
100 ## - STATEMENT OF RESPONSIBILITY--MAIN AUTHOR NAME
Personal name Opdyke, Jeff D.
245 #4 - TITLE STATEMENT
Title The street journal : personal finance workbook
260 ## - PUBLICATION, DISTRIBUTION, ETC. (IMPRINT)
Place of publication New
260 ## - PUBLICATION, DISTRIBUTION, ETC. (IMPRINT)
Name of publisher Three Rivers Press
260 ## - PUBLICATION, DISTRIBUTION, ETC. (IMPRINT)
Year of publication 2006
300 ## - PHYSICAL DESCRIPTION
Number of Pages 178 p
942 ## - ADDED ENTRY ELEMENTS (KOHA)
Koha item type Books
Holdings
Withdrawn status Lost status Source of classification or shelving scheme Damaged status Not for loan Permanent Location Current Location Date acquired Accession Number Price effective from Koha item type
    Library of Congress Classification     NILE UNIVERSITY OF NIGERIA - MAIN LIBRARY NILE UNIVERSITY OF NIGERIA - MAIN LIBRARY 04/23/2025 0009404 04/23/2025 Books